000 01324cam a2200349 i 4500
001 10470
003 Mx-PuUPA
005 20220222095450.0
008 140415s1989 sp a gre 001 0 spa d
017 _aM. 8.888-1961
020 _a8423952258
_qtomo 25
040 _aMx-PuUPA
_bspa
_cMx-PuUPA
_dMx-PuUPA
_erda
041 0 _aspa
100 1 _aCamón Aznar, José
_d1898-1979
_eautor
_912087
245 1 3 _aLa pintura española del siglo XVII /
_cJosé Camón Aznar
250 _aQuinta edición
264 1 _aMadrid :
_bEspasa-Calpe,
_c1989
_c©1977
300 _a660 páginas, xxxii páginas de láminas :
_bilustraciones, láminas (algunas a color) ;
_c28 cm
336 _2rdacontent
_atexto
_btxt
336 _2rdacontent
_aimagen fija
_bsti
337 _2rdamedia
_asin medio
_bn
338 _2rdacarrier
_avolumen
_bnc
490 1 _aSumma artis, historia general del arte ;
_v25
650 7 _aArte
_xHistoria
_2armarc
655 7 _2armarc
_aEnciclopedias
785 0 0 _aHernández Díaz, José,
_bQuinta edición
_dMadrid : Espasa-Calpe, 1991
_tLa escultura y la arquitectura españolas del siglo XVII
_w(Mx-PuUPA) 10469
_z8423952266
830 0 _912114
_aSumma artis, historia general del arte
_v25
942 _2ddc
_cLI
_h709
_iS955
999 _c10470
_d10470